Teams That Ipswich Town Have Played Against in Europe — Sudden Death - Statistics

General Stats
  • This quiz has been taken 1,340 times
    1,315 since last reset
  • The average score is 9 of 28
Answers on the Grid
Answers color-coded by a green-red scale on the quiz's grid according to % correct below.
AZ Alkmaar
Inter Milan
Panathinaikos
Djurgårdens IF
Tottenham Hotspur
Floriana
Lokomotive Leipzig
Rapid Vienna
Roma
APOEL Nicosia
Avenir Beggen
Barcelona
Hibernians
Juventus
Aberdeen
Lazio
Landskrona BoIS
Wisła Kraków
Club Brugge
Shamrock Rovers
CSKA Sofia
Skeid Oslo
Real Madrid
Torpedo Moscow
Bordeaux
AC Milan
Fortuna Düsseldorf
Standard Liège
FC Twente
FK Sartid Smederevo
Slovan Liberec
Spartak Trnava
FC Cologne
Real Valladolid
F91 Dudelange
Saint-Étienne
Feyenoord
Napoli
Borussia Mönchengladbach
Widzew Łódź
Aris Salonika
Union Saint-Gilloise
Újpest
Bohemians Prague
Las Palmas
PSV Eindhoven
SW Innsbruck
Porto
Dinamo Tbilisi
Grasshoppers
Helsingborgs IF
FC Zurich
 
Answer Stats
Answer % Correct
Inter Milan
82%
AZ Alkmaar
78%
Barcelona
55%
Real Madrid
44%
Aberdeen
42%
Avenir Beggen
42%
Floriana
42%
Saint-Étienne
40%
Torpedo Moscow
37%
Helsingborgs IF
36%
Lazio
34%
FC Cologne
32%
Slovan Liberec
31%
FC Twente
30%
Roma
29%
Aris Salonika
28%
Widzew Łódź
28%
Lokomotive Leipzig
26%
Bohemians Prague
25%
AC Milan
22%
Club Brugge
20%
Feyenoord
18%
Grasshoppers
18%
Las Palmas
17%
Skeid Oslo
17%
Landskrona BoIS
16%
FK Sartid Smederevo
13%
SW Innsbruck
11%
No matching quizzes found
Score Distribution
Percent of People with Each Score
Percentile by Number Answered
Your Score History
You have not taken this quiz since the last reset